Azul - J Balvin - Estadísticas

Estadísticas generales
  • Esta prueba ha sido intentada 30 veces
  • La puntuación promedio es 236 de 431
Estadísticas de respuestas
Letra % Correcto
a
100%
A
100%
de
80%
es
80%
ese
80%
la
80%
que
80%
Que
80%
80%
se
80%
Se
80%
te
80%
80%
tu
80%
y
80%
Y
80%
baño
60%
bien
60%
chiquitito
60%
Como
60%
cómo
60%
Cómo
60%
Con
60%
con
60%
cuando
60%
Cuando
60%
cuerpito
60%
el
60%
El
60%
Esa
60%
Está
60%
fue
60%
gusta
60%
las
60%
Le
60%
le
60%
lo
60%
me
60%
Me
60%
mi
60%
morena
60%
No
60%
no
60%
Pa
60%
pa
60%
pone
60%
por
60%
Por
60%
queda
60%
si
60%
Si
60%
Sol
60%
su
60%
tienes
60%
todo
60%
Todos
60%
traje
60%
Un
60%
una
60%
ver
60%
ya
60%
Yo
60%
yo
60%
amanecer
40%
baja
40%
Beber
40%
bikini
40%
blanquita
40%
bloqueador
40%
bobo
40%
borracha
40%
calor
40%
coge
40%
corre
40%
cuerpo
40%
deja
40%
día
40%
Dice
40%
dije
40%
en
40%
En
40%
enloquecerse
40%
eso
40%
extrema
40%
ey
40%
flow
40%
Hace
40%
hace
40%
Maluma
40%
Mami
40%
marea
40%
ni
40%
Nunca
40%
nunca
40%
pero
40%
pillé
40%
quema
40%
saben
40%
salir
40%
suba
40%
sube
40%
sudor
40%
tanto
40%
temperatura
40%
termine
40%
trago
40%
vena
40%
vi
40%
vida
40%
vuelvo
40%
abusó
20%
ajena
20%
booty
20%
copa
20%
del
20%
dijo
20%
dura
20%
Ella
20%
esforzó
20%
estás
20%
interior
20%
Leggo
20%
loca
20%
lució
20%
mano
20%
meneó
20%
mis
20%
pasó
20%
pegué
20%
prueba
20%
ron
20%
ropa
20%
seas
20%
siempre
20%
Sky
20%
Yankee
20%
Abajo
0%
aguardiente
0%
arena
0%
bote
0%
cachas
0%
cadena
0%
Dos
0%
duele
0%
entró
0%
llena
0%
montó
0%
ooh
0%
pasa
0%
puso
0%
sacúdete
0%
saludó
0%
Toma
0%
tosió
0%
yate
0%
No se encontraron pruebas coincidentes
Distribución de puntuación
Porcentaje de gente con cada puntuación
Porcentaje por número respondido
Historial de tus puntuaciones
No has intentado esta prueba.